International Economics (Record no. 2514)
[ view plain ]
| 000 -LEADER | |
|---|---|
| fixed length control field | 00579nam a22001577a 4500 |
| 020 ## - INTERNATIONAL STANDARD BOOK NUMBER | |
| International Standard Book Number | 9788120349865 |
| 082 ## - DEWEY DECIMAL CLASSIFICATION NUMBER | |
| Classification number | 337 |
| 100 ## - MAIN ENTRY--PERSONAL NAME | |
| Personal name | Kennedy,M.Maria John |
| 245 ## - TITLE STATEMENT | |
| Title | International Economics |
| 250 ## - EDITION STATEMENT | |
| Edition statement | Eastern economy edition |
| 260 ## - PUBLICATION, DISTRIBUTION, ETC. | |
| Place of publication, distribution, etc. | Delhi |
| Name of publisher, distributor, etc. | PHI learning |
| Date of publication, distribution, etc. | 2014 |
| 300 ## - PHYSICAL DESCRIPTION | |
| Extent | 323 |
| 942 ## - ADDED ENTRY ELEMENTS (KOHA) | |
| Koha item type | Book |
| Withdrawn status | Lost status | Damaged status | Not for loan | Collection code | Permanent Location | Current Location | Shelving location | Date acquired | Total Checkouts | Total Renewals | Full call number | Barcode | Date last seen | Date last checked out | Price effective from | Koha item type |
|---|---|---|---|---|---|---|---|---|---|---|---|---|---|---|---|---|
| Central Library (CL) | Central Library (CL) | General Stacks | 01/25/2016 | 3 | 1 | 337 KEN | S3H-S-651 | 08/13/2021 | 06/25/2021 | 01/25/2016 | Book | |||||
| Central Library (CL) | Central Library (CL) | General Stacks | 01/25/2016 | 337 KEN | S3H-S-650 | 01/25/2016 | 01/25/2016 | Book |
